| 000 | 01422cam a2200373 i 4500 | ||
|---|---|---|---|
| 001 | 27882 | ||
| 003 | Mx-PuUPA | ||
| 005 | 20250820103005.0 | ||
| 008 | 140415s2004 dcua fr 001 0 eng d | ||
| 020 | _a1881041891 | ||
| 040 |
_cMx-PuUPA _aMx-PuUPA _bspa _dMx-PuUPA _erda |
||
| 041 | 0 | _aeng | |
| 100 | 1 |
_aKraus, Frederick T., _917229 _eautor |
|
| 245 | 1 | 0 |
_aPlacental pathology / _cFrederick T. Kraus, Raymond W. Redline, Deborah J. Gersell, D. Michael Nelso, Jeffrey M. Dicke ; Donald West King, editor |
| 264 | 1 |
_aWashington DC : _bAmerican Registry of Pathology ; _bArmed Forces Institute of Pathology, _c2004 |
|
| 300 |
_a331 páginas : _bilustraciones, fotografías, tablas ; _c28 cm |
||
| 336 |
_2rdacontent _atexto _btxt |
||
| 337 |
_2rdamedia _asin medio _bn |
||
| 338 |
_2rdacarrier _avolumen _bnc |
||
| 490 | 0 |
_aAtlas of Nontumor Pathology ; _v3 |
|
| 650 | 7 |
_2armarc _aPlacenta _xEnfermedades _xPatología |
|
| 650 | 7 |
_2armarc _aPlacenta _xPatología |
|
| 650 | 7 |
_2armarc _aEmbarazo _xComplicaciones |
|
| 650 | 7 |
_2armarc _aGinecología y obstetricia |
|
| 700 | 1 |
_aRedline, Raymond W., _eautor |
|
| 700 | 1 |
_aGersell, Deborah J., _eautor |
|
| 700 | 1 |
_aNelson, D. Michael, _eautor |
|
| 700 | 1 |
_aDicke, Jeffrey M., _eautor |
|
| 700 | 1 |
_aWest King, Donald, _eeditor |
|
| 942 |
_2ddc _cLI _hK55 |
||
| 999 |
_c27882 _d27882 |
||